Zníženie hodnoty majetku podľa IAS 36

Štandard IAS 36 prináša komplexnú úpravu v oblasti zníženia hodnoty majetku. Pôsobnosť štandardu. Princípy zníženia hodnoty z hľadiska posudzovania majetku a voľby hodnôt na ocenenie. Otázky určenia hodnoty z používania. JTPP a vykazovanie strát zo zníženia hodnoty. Frekvencia testovania na zníženie...

Full description

Saved in:
Bibliographic Details
Main Author: Svitek, Martin
Format: Book Chapter
Language:Slovak
Subjects:
Tags: Add Tag
No Tags, Be the first to tag this record!

MARC

LEADER 00000naa$a2200000$$$4500
001 0045613
005 20231106093358.1
041 0 |a slo 
044 |a SK 
245 1 0 |a Zníženie hodnoty majetku podľa IAS 36  |c Martin Svitek 
520 |a Štandard IAS 36 prináša komplexnú úpravu v oblasti zníženia hodnoty majetku. Pôsobnosť štandardu. Princípy zníženia hodnoty z hľadiska posudzovania majetku a voľby hodnôt na ocenenie. Otázky určenia hodnoty z používania. JTPP a vykazovanie strát zo zníženia hodnoty. Frekvencia testovania na zníženie hodnoty. Príklady. 
610 2 0 |a hodnota 
610 2 0 |a majetok 
610 2 0 |a oceňovanie 
610 2 0 |a strata 
610 2 0 |a výkazy účtovné 
610 2 0 |a štandardy účtovné medzinárodné 
610 2 0 |a IAS 36 
100 1 |a Svitek, Martin